01060cam a2200253 a 45000010008000000030004000080050017000120080041000290100017000700200028000870400018001150430021001330500023001540820023001772450071002002600073002713000033003445000158003775040041005356500069005766500070006456500069007157000022007844946545OSt20230921114353.0961106s1996 enka b 000 0 eng  a 96047972  a0631203001 (alk. paper) aDLCcDLCdDLC ae-uk---an-us---00aLA636.8b.C74 199600a378.4109045bSHA/C04aThe creation of a university system /cedited by Michael Shattock. aOxford, OX, UK ;aCambridge, MA, USA :bBlackwell Publishers,c1996. axi, 265 p. :bill. ;c22 cm. aSelection of articles from Universities quarterly and its successor, Higher education quarterly, in celebration of the periodical's fiftieth anniversary. aIncludes bibliographical references. 0aUniversities and collegeszGreat BritainxHistoryy20th century. 0aHigher education and statezGreat BritainxHistoryy20th century. 0aUniversities and collegeszUnited StatesxHistoryy20th century.1 aShattock, Michael